Down but not out (Record no. 84372)

MARC details
000 -LEADER
fixed length control field 01066cab a22001935a 4500
001 - CONTROL NUMBER
control field L157414
008 - FIXED-LENGTH DATA ELEMENTS--GENERAL INFORMATION
fixed length control field 121128e2012 xxk 000 0 eng d
035 ## - SYSTEM CONTROL NUMBER
System control number (Sirsi) u157414
041 0# - LANGUAGE CODE
Language code of text/sound track or separate title eng
100 1# - MAIN ENTRY--PERSONAL NAME
Personal name Sandher, Hardeep
245 00 - TITLE STATEMENT
Title Down but not out
260 ## - PUBLICATION, DISTRIBUTION, ETC.
Date of publication, distribution, etc. 2012
490 #0 - SERIES STATEMENT
Series statement Property Week
Volume/sequential designation 78(47) 23 November 2012 Finance Supplement, 18-20(3)
520 ## - SUMMARY, ETC.
Summary, etc. Research by Prequin shows that raising funds in Europe remained tough in 2012 but was not impossible. However debt funds will increase in the next 12 months. Covers annual private real estate fundraising; the largest Europe-focused funds closed, January-October 2012; and the largest Europe-focused real estate funds in market. Also highlights the average time taken for Europe-focused closed-end private real estate funds to achieve a final closing by year fund closed; Europe-focused real estate funds in market; and investor intentions for private real estate investments in next 12 months.
590 ## - LOCAL NOTE (RLIN)
Local note KA
651 #4 - SUBJECT ADDED ENTRY--GEOGRAPHIC NAME
Geographic name Europe
690 ## - LOCAL SUBJECT ADDED ENTRY--TOPICAL TERM (OCLC, RLIN)
Topical term or geographic name as entry element Commercial property
9 (RLIN) 6227
942 ## - ADDED ENTRY ELEMENTS (KOHA)
Suppress in OPAC 0
Holdings
Withdrawn status Lost status Source of classification or shelving scheme Damaged status Not for loan Home library Current library Shelving location Date acquired Total Checkouts Full call number Barcode Date last seen Copy number Price effective from Koha item type
    Dewey Decimal Classification     London London Journal article 28/11/2012   L157414 157414-1001 06/08/2019 1 06/08/2019 Journal article